000 00694cam a22002292 4500
001 0000020386
005 20151217152213.0
008 110915s xx 000 0 eng d
020 _a0632056274 :
040 _aKABU
_cKABU
245 1 0 _aPublic health nutrition /
_cedited by Michael J Gibney ... [et al]
250 _a1st ed.
260 _aOxford :
_bBlackwell,
_c2004.
300 _axiv, 378 p.
650 0 _aNutritionally induced diseases.
_@0000180782
650 0 _aNutrition.
_@0000155604
650 0 _aPublic health.
_@0000165634
700 1 _aGibney, Michael J.
_@0000180783
852 1 _9p8750 KES
908 _a110915
950 _@1
999 _c9302
_d9302